[Event "GRENKE Chess Open 2024"]
[Site "Karlsruhe"]
[Date "2024.04.01"]
[Round "9.45"]
[White "Kaufeld, Juergen"]
[Black "Smirnov, Mark"]
[Result "0-1"]
[WhiteElo "2257"]
[BlackElo "2111"]
[Annotator "ChessBase"]
[PlyCount "98"]
[EventDate "2024.03.28"]
[EventType "swiss"]
[EventCountry "GER"]
[SourceTitle "playchess.com"]
[Source "ChessBase"]
[SourceQuality "1"]

1. e4 c5 2. Nf3 d6 3. d4 cxd4 4. Nxd4 Nf6 5. Nc3 Nc6 6. Bg5 e6 7. Qd3 Be7 8. O-O-O O-O 9. Be2 Nxd4 10. Qxd4 Nxe4 11. Nxe4 Bxg5+ 12. Nxg5 Qxg5+ 13. f4 Qa5 14. Qxd6 Qxa2 15. Bd3 g6 16. c3 b6 17. h4 Ba6 18. Bxa6 Qxa6 19. h5 Qa1+ 20. Kc2 Qa4+ 21. Kb1 Qe4+ 22. Ka2 Rad8 23. Qxd8 Rxd8 24. Rxd8+ Kg7 25. h6+ Kf6 26. Rhd1 Qa4+ 27. Kb1 Qxf4 28. R8d7 Qe4+ 29. Ka2 Qxg2 30. Rxa7 Qe2 31. Rdd7 Qc4+ 32. b3 Qxc3 33. Rxf7+ Kg5 34. Rxh7 b5 35. Rac7 Qa5+ 36. Kb2 b4 37. Rhe7 Qe5+ 38. Kc2 Kxh6 39. Rh7+ Kg5 40. Rc4 Qe2+ 41. Kb1 e5 42. Rc2 Qf3 43. Kb2 e4 44. Rhh2 e3 45. Rhg2+ Kf5 46. Rce2 g5 47. Kc2 g4 48. Kd1 Qf1+ 49. Kc2 Kf4 0-1

[Event "GRENKE Chess Open 2024"]
[Site "Karlsruhe"]
[Date "2024.04.01"]
[Round "9.46"]
[White "Schmider, Niklas"]
[Black "Volkov, Mykyta"]
[Result "1-0"]
[WhiteElo "2421"]
[BlackElo "2256"]
[Annotator "TA"]
[PlyCount "135"]
[EventDate "2024.03.28"]
[EventType "swiss"]
[EventCountry "GER"]
[SourceTitle "playchess.com"]
[Source "ChessBase"]
[SourceQuality "1"]

1. Nf3 d5 2. e3 Nf6 3. c4 e6 4. Nc3 c5 5. cxd5 exd5 6. d4 Nc6 7. Be2 cxd4 8. Nxd4 Bd6 9. O-O O-O 10. b3 Re8 11. Nf3 Be6 12. Bb2 Qe7 13. Nb5 Bb8 14. Ba3 Qd8 15. Rc1 a6 16. Nbd4 Nxd4 17. Qxd4 Bg4 18. Rfd1 Ba7 19. Bc5 Bxc5 20. Rxc5 Rc8 21. h3 Bh5 22. Rdc1 Rxc5 23. Rxc5 h6 24. a4 Re4 25. Qc3 Re8 26. Qd4 Re4 27. Qd2 Re8 28. Rc1 Qd7 29. Qc3 Qe7 30. Qc5 Ne4 31. Qxe7 Rxe7 32. Rc8+ Kh7 33. Bd3 Bg6 34. Nh4 Nd2 35. Nxg6 fxg6 36. g4 d4 37. exd4 Rd7 38. Kg2 Rxd4 39. Bc2 Rb4 40. Rd8 Nxb3 41. Rd6 Kg8 42. Bxg6 Rf4 43. Kg3 Rf8 44. Rd5 b6 45. f4 Rb8 46. Bc2 Na5 47. Bd3 b5 48. axb5 axb5 49. Bxb5 Nb7 50. Bc4 Kh8 51. Kh4 Rf8 52. f5 Nd8 53. Rd7 Nc6 54. Bd5 Ne5 55. Re7 Nd3 56. Be4 Nc5 57. Bc2 Kg8 58. Rc7 Na6 59. Bb3+ Kh7 60. Rc4 Nb8 61. Ba4 Na6 62. Kh5 Rd8 63. Bb5 Nb8 64. Rc7 Rf8 65. f6 Rxf6 66. Bd3+ Kg8 67. Rc8+ Rf8 68. Bc4+ 1-0

[Event "GRENKE Chess Open 2024"]
[Site "Karlsruhe"]
[Date "2024.04.01"]
[Round "9.46"]
[White "Semling, Julius"]
[Black "Kitze, Alexander"]
[Result "0-1"]
[WhiteElo "2046"]
[BlackElo "2299"]
[Annotator "ChessBase"]
[PlyCount "92"]
[EventDate "2024.03.28"]
[EventType "swiss"]
[EventCountry "GER"]
[SourceTitle "playchess.com"]
[Source "ChessBase"]
[SourceQuality "1"]

1. e4 c5 2. Nf3 d6 3. d4 cxd4 4. Nxd4 Nf6 5. Nc3 Nc6 6. Bg5 e6 7. Qd2 a6 8. O-O-O h6 9. Nxc6 bxc6 10. Bf4 d5 11. Qe3 Bb4 12. Be2 Qe7 13. Qg3 Rg8 14. exd5 cxd5 15. Na4 Ne4 16. Qe3 Bd7 17. Nb6 Bc5 18. Qb3 Bxb6 19. Qxb6 Qc5 20. Qb3 Bb5 21. Be3 Qc6 22. Bd3 f5 23. f3 Nc5 24. Bxc5 Qxc5 25. Bxf5 exf5 26. Rxd5 Qc4 27. Re1+ Kf7 28. Rxf5+ Kg6 29. Qxc4 Bxc4 30. Rf4 Rac8 31. b3 Bd3 32. c4 Rge8 33. Rd1 Rcd8 34. a4 Re2 35. Rd2 Rxd2 36. Kxd2 Bxc4+ 37. Kc3 Bf1 38. h4 a5 39. b4 Rd3+ 40. Kc2 axb4 41. Rxb4 Ra3 42. Rg4+ Kh7 43. Kb2 Re3 44. Kc1 Re2 45. g3 Rf2 46. Rf4 Bg2 0-1

[Event "GRENKE Chess Open 2024"]
[Site "Karlsruhe"]
[Date "2024.04.01"]
[Round "9.47"]
[White "Milov, Leonid"]
[Black "Herbrig, Alexander"]
[Result "1-0"]
[WhiteElo "2415"]
[BlackElo "2249"]
[Annotator "TA"]
[PlyCount "91"]
[EventDate "2024.03.28"]
[EventType "swiss"]
[EventCountry "GER"]
[SourceTitle "playchess.com"]
[Source "ChessBase"]
[SourceQuality "1"]

1. e4 c5 2. Nf3 d6 3. d4 cxd4 4. Nxd4 Nf6 5. Nc3 Nc6 6. f3 g6 7. Be3 h5 8. Bc4 Bd7 9. Qe2 Bg7 10. O-O-O Na5 11. Bd3 Rc8 12. Kb1 a6 13. Nd5 e5 14. Nf5 Bxf5 15. Bb6 Qd7 16. Nxf6+ Bxf6 17. exf5 Nc6 18. fxg6 Ne7 19. gxf7+ Kxf7 20. Bc4+ Kg7 21. Bb3 Qc6 22. Qf2 d5 23. Ba5 d4 24. Qg3+ Ng6 25. Bd2 Qd7 26. Qe1 Qf5 27. Rf1 Bg5 28. Bxg5 Qxg5 29. Qe4 Rc7 30. g3 Rf8 31. Bd5 b5 32. Qe1 Ne7 33. Be4 Nf5 34. f4 Qe7 35. Bxf5 Rxf5 36. Qe4 Qf7 37. Rg1 Qf6 38. g4 Rxf4 39. gxh5+ Kh6 40. Qd5 Rg7 41. Rxg7 Kxg7 42. a4 bxa4 43. Rg1+ Kf8 44. Rg8+ Ke7 45. Qd8+ Ke6 46. Rg6 1-0

[Event "GRENKE Chess Open 2024"]
[Site "Karlsruhe"]
[Date "2024.04.01"]
[Round "9.47"]
[White "Hecht, Carsten"]
[Black "Golis, Wiktor"]
[Result "1/2-1/2"]
[WhiteElo "2295"]
[BlackElo "2142"]
[Annotator "ChessBase"]
[PlyCount "109"]
[EventDate "2024.03.28"]
[EventType "swiss"]
[EventCountry "GER"]
[SourceTitle "playchess.com"]
[Source "ChessBase"]
[SourceQuality "1"]

1. e4 c5 2. Nf3 Nc6 3. d4 cxd4 4. Nxd4 e5 5. Nb5 d6 6. c4 Be6 7. N1c3 a6 8. Na3 g6 9. Be3 Bg7 10. Bd3 Nf6 11. f3 O-O 12. O-O Nd4 13. Nc2 Nh5 14. Nd5 Bxd5 15. exd5 Rc8 16. Nxd4 exd4 17. Bd2 Re8 18. f4 Qh4 19. Qf3 Nf6 20. h3 Nd7 21. b4 Re7 22. Rae1 Rce8 23. Rxe7 Qxe7 24. Rc1 b6 25. Kf1 Qd8 26. Re1 Rxe1+ 27. Bxe1 a5 28. a3 axb4 29. axb4 Qa8 30. g4 Kf8 31. g5 h6 32. h4 hxg5 33. hxg5 Qa3 34. Qh3 Qb3 35. Ke2 Ke8 36. Qh1 Kf8 37. Bd2 Qa2 38. Qh3 Qa4 39. Qh2 Ke7 40. Qh7 Kf8 41. Bxg6 fxg6 42. Qxg6 d3+ 43. Ke3 Qa1 44. Qxd6+ Kg8 45. Qxd7 Qg1+ 46. Ke4 Qg2+ 47. Kxd3 Qf1+ 48. Ke3 Qg1+ 49. Kf3 Qf1+ 50. Kg4 Qg2+ 51. Kh4 Qf2+ 52. Kh5 Qh2+ 53. Kg4 Qg2+ 54. Kh4 Qf2+ 55. Kh3 1/2-1/2

[Event "GRENKE Chess Open 2024"]
[Site "Karlsruhe"]
[Date "2024.04.01"]
[Round "9.48"]
[White "Hampel, Felix"]
[Black "Chubakov, Sultan"]
[Result "1-0"]
[WhiteElo "2294"]
[BlackElo "2121"]
[Annotator "RC"]
[PlyCount "51"]
[EventDate "2024.03.28"]
[EventType "swiss"]
[EventCountry "GER"]
[SourceTitle "playchess.com"]
[Source "ChessBase"]
[SourceQuality "1"]

1. d4 Nf6 2. c4 e6 3. Nf3 c5 4. d5 b5 5. dxe6 fxe6 6. cxb5 d5 7. e3 Bd6 8. b3 Qe7 9. Nbd2 Bb7 10. Be2 O-O 11. O-O Nbd7 12. Qc2 Kh8 13. Bb2 e5 14. e4 Nxe4 15. Nxe4 dxe4 16. Nd2 e3 17. fxe3 Qg5 18. Bf3 Qxe3+ 19. Kh1 Bxf3 20. Nxf3 Qh6 21. Rad1 Rad8 22. Qd2 Qxd2 23. Rxd2 Nf6 24. Rfd1 Ne4 25. Re2 Rf4 26. Bxe5 1-0

[Event "GRENKE Chess Open 2024"]
[Site "Karlsruhe"]
[Date "2024.04.01"]
[Round "9.48"]
[White "Toktomushev, Teimur"]
[Black "Parvanyan, Ashot"]
[Result "1/2-1/2"]
[WhiteElo "2268"]
[BlackElo "2415"]
[Annotator "ChessBase"]
[PlyCount "61"]
[EventDate "2024.03.28"]
[EventType "swiss"]
[EventCountry "GER"]
[SourceTitle "playchess.com"]
[Source "ChessBase"]
[SourceQuality "1"]

1. d4 Nf6 2. c4 g6 3. Nc3 Bg7 4. e4 d6 5. f3 O-O 6. Be3 c5 7. Nge2 Nc6 8. d5 Ne5 9. Ng3 e6 10. Be2 exd5 11. cxd5 a6 12. a4 Rb8 13. O-O b5 14. axb5 axb5 15. Nxb5 h5 16. Qc2 h4 17. Nh1 Nh5 18. Nf2 g5 19. Nc3 Nf4 20. g3 hxg3 21. hxg3 Nxe2+ 22. Qxe2 f5 23. exf5 Bxf5 24. g4 Bg6 25. Nfe4 Rxb2 26. Qxb2 Nxf3+ 27. Rxf3 Rxf3 28. Bxg5 Bxc3 29. Qxc3 Rxc3 30. Bxd8 Bxe4 31. Bc7 1/2-1/2

[Event "GRENKE Chess Open 2024"]
[Site "Karlsruhe"]
[Date "2024.04.01"]
[Round "9.49"]
[White "Dourerassou, Jonathan"]
[Black "Boev, Viktor"]
[Result "1-0"]
[WhiteElo "2414"]
[BlackElo "2242"]
[Annotator "ChessBase"]
[PlyCount "71"]
[EventDate "2024.03.28"]
[EventType "swiss"]
[EventCountry "GER"]
[SourceTitle "playchess.com"]
[Source "ChessBase"]
[SourceQuality "1"]

1. d4 d5 2. Bf4 c5 3. e3 Nc6 4. c3 Qb6 5. Qb3 c4 6. Qc2 e5 7. dxe5 Bf5 8. Qc1 g5 9. Bg3 h5 10. h4 g4 11. Ne2 Bg7 12. Nd4 Nge7 13. Na3 Bxe5 14. Bxe5 Nxe5 15. Nxf5 Nxf5 16. Qc2 Ne7 17. Qa4+ Kf8 18. O-O-O g3 19. Nc2 Ng4 20. fxg3 Nf2 21. Be2 Nxh1 22. Rxh1 Nf5 23. Bf3 Nxe3 24. Nd4 Qh6 25. Kb1 Qg6+ 26. Ka1 Kg7 27. Qd7 Rad8 28. Qxb7 Nc2+ 29. Nxc2 Qxc2 30. Bxd5 Qf2 31. Rb1 Rh6 32. Bxc4 Rb6 33. Qf3 Qxf3 34. gxf3 Rg6 35. Rg1 Rxg3 36. Rxg3+ 1-0

[Event "GRENKE Chess Open 2024"]
[Site "Karlsruhe"]
[Date "2024.04.01"]
[Round "9.49"]
[White "Engel, Bruno"]
[Black "Trifan, Andrei Ioan"]
[Result "1/2-1/2"]
[WhiteElo "2007"]
[BlackElo "2294"]
[Annotator "RC"]
[PlyCount "47"]
[EventDate "2024.03.28"]
[EventType "swiss"]
[EventCountry "GER"]
[SourceTitle "playchess.com"]
[Source "ChessBase"]
[SourceQuality "1"]

1. c4 c6 2. Nf3 d5 3. e3 Nf6 4. Nc3 e6 5. b3 Bd6 6. Bb2 O-O 7. d4 Nbd7 8. Be2 b6 9. O-O Bb7 10. Qc2 Rc8 11. Rad1 Qe7 12. e4 dxe4 13. Nxe4 c5 14. Nxf6+ Nxf6 15. d5 exd5 16. cxd5 Nh5 17. Rfe1 Qd8 18. Bd3 g6 19. Qc3 f6 20. Bc4 Qd7 21. Re6 Rcd8 22. Ng5 h6 23. Ne4 Be5 24. Qd2 1/2-1/2

[Event "GRENKE Chess Open 2024"]
[Site "Karlsruhe"]
[Date "2024.04.01"]
[Round "9.50"]
[White "Nechitaylo, Nikita"]
[Black "Panjer, Sidney"]
[Result "0-1"]
[WhiteElo "2244"]
[BlackElo "2092"]
[Annotator "RC"]
[PlyCount "50"]
[EventDate "2024.03.28"]
[EventType "swiss"]
[EventCountry "GER"]
[SourceTitle "playchess.com"]
[Source "ChessBase"]
[SourceQuality "1"]

1. d4 d5 2. c4 e6 3. Nc3 Be7 4. cxd5 exd5 5. Bf4 c6 6. e3 Bf5 7. g4 Be6 8. Bd3 Nd7 9. h3 h5 10. gxh5 Ngf6 11. h6 g6 12. Nge2 Nh5 13. Rg1 Nb6 14. Qc2 Qd7 15. O-O-O Nxf4 16. Nxf4 O-O-O 17. e4 Rxh6 18. Rde1 Kb8 19. Nxe6 fxe6 20. exd5 Nxd5 21. Nxd5 Qxd5 22. Rxg6 Rxh3 23. Rgxe6 Bg5+ 24. Kb1 Qxe6 25. Rg1 Qg4 0-1

[Event "GRENKE Chess Open 2024"]
[Site "Karlsruhe"]
[Date "2024.04.01"]
[Round "9.51"]
[White "Kurmangaliyeva, Liya"]
[Black "Chernykh, Arkady"]
[Result "1-0"]
[WhiteElo "2240"]
[BlackElo "2071"]
[Annotator "ChessBase"]
[PlyCount "89"]
[EventDate "2024.03.28"]
[EventType "swiss"]
[EventCountry "GER"]
[SourceTitle "playchess.com"]
[Source "ChessBase"]
[SourceQuality "1"]

1. e4 c5 2. Nf3 d6 3. d4 cxd4 4. Nxd4 Nf6 5. Nc3 a6 6. h3 e5 7. Nb3 Be6 8. f4 Be7 9. Be2 b5 10. O-O Nbd7 11. a4 O-O 12. Kh2 b4 13. Nd5 Bxd5 14. exd5 Nb6 15. a5 Nbxd5 16. Bf3 Nxf4 17. Bxf4 exf4 18. Bxa8 Qxa8 19. Rxf4 d5 20. Kh1 Ne4 21. Qd3 Bg5 22. Rf3 Bh4 23. Raf1 Qb8 24. Qxa6 Ng3+ 25. Rxg3 Qxg3 26. Qd3 Qxd3 27. cxd3 g6 28. Nd4 Ra8 29. Nc6 Ra6 30. Rc1 Kf8 31. Rc5 Be7 32. Nxe7 Kxe7 33. Rxd5 Rd6 34. Rb5 Rxd3 35. Rxb4 Kd6 36. Rb7 Rd1+ 37. Kh2 Rf1 38. b4 Kc6 39. Rb6+ Kc7 40. Ra6 Kb7 41. Rd6 Kc7 42. Rd5 Rf4 43. b5 f6 44. b6+ Kc6 45. Rb5 1-0

[Event "GRENKE Chess Open 2024"]
[Site "Karlsruhe"]
[Date "2024.04.01"]
[Round "9.52"]
[White "van der Valk, Niklas"]
[Black "Besou, Hussain"]
[Result "0-1"]
[WhiteElo "2093"]
[BlackElo "2239"]
[Annotator "RC"]
[PlyCount "70"]
[EventDate "2024.03.28"]
[EventType "swiss"]
[EventCountry "GER"]
[SourceTitle "playchess.com"]
[Source "ChessBase"]
[SourceQuality "1"]

1. e4 c5 2. Nf3 d6 3. d4 cxd4 4. Nxd4 Nf6 5. Nc3 a6 6. f3 e5 7. Nb3 Be7 8. Be3 Be6 9. Qd2 h5 10. Nd5 Nxd5 11. exd5 Bf5 12. Bd3 Bxd3 13. Qxd3 Nd7 14. a4 O-O 15. a5 Bh4+ 16. g3 Bg5 17. Bf2 f5 18. O-O g6 19. c4 Rc8 20. Qe2 Re8 21. Be1 Qc7 22. Ra4 Nf6 23. Bd2 Bxd2 24. Nxd2 e4 25. b3 b5 26. axb6 Qxb6+ 27. Kh1 e3 28. Nb1 Qxb3 29. Rxa6 Rxc4 30. Rxd6 Rc2 31. Rb6 Qxb6 32. Qxc2 e2 33. Re1 Qf2 34. Qc3 Qf1+ 35. Rxf1 exf1=Q# 0-1

[Event "GRENKE Chess Open 2024"]
[Site "Karlsruhe"]
[Date "2024.04.01"]
[Round "9.52"]
[White "Wachsmann, Elmar"]
[Black "Wyss, Jonas"]
[Result "1-0"]
[WhiteElo "1950"]
[BlackElo "2293"]
[Annotator "ChessBase"]
[PlyCount "89"]
[EventDate "2024.03.28"]
[EventType "swiss"]
[EventCountry "GER"]
[SourceTitle "playchess.com"]
[Source "ChessBase"]
[SourceQuality "1"]

1. e4 c5 2. Nf3 g6 3. d4 cxd4 4. Qxd4 Nf6 5. Qa4 Nc6 6. Nc3 d6 7. e5 dxe5 8. Nxe5 Bg7 9. Bb5 O-O 10. Nxc6 bxc6 11. Bxc6 Rb8 12. O-O Qd6 13. Bf4 e5 14. Rad1 Qe6 15. Bc1 Bb7 16. Bxb7 Rxb7 17. Rfe1 Rc8 18. Qa5 Rd7 19. Rxd7 Qxd7 20. Rd1 Qe7 21. Qa6 Rd8 22. Rxd8+ Qxd8 23. Bg5 h6 24. Bxf6 Bxf6 25. Qd3 Qa5 26. Qb5 Qd8 27. Nd5 Bg5 28. g3 Qc8 29. Qe2 Qf5 30. h4 Bd8 31. c4 e4 32. b4 g5 33. h5 Qe5 34. Ne3 Qc3 35. Qd1 Bc7 36. Qg4 Kg7 37. Qd7 Be5 38. Qe7 Kh8 39. Qf8+ Kh7 40. Qxf7+ Kh8 41. Qe8+ Kh7 42. Qd7+ Kh8 43. Qc8+ Kh7 44. Qb7+ Bg7 45. Qxe4+ 1-0

[Event "GRENKE Chess Open 2024"]
[Site "Karlsruhe"]
[Date "2024.04.01"]
[Round "9.53"]
[White "Gallasch, Jonas"]
[Black "Herm, Marcel"]
[Result "1/2-1/2"]
[WhiteElo "2291"]
[BlackElo "2079"]
[Annotator "ChessBase"]
[PlyCount "44"]
[EventDate "2024.03.28"]
[EventType "swiss"]
[EventCountry "GER"]
[SourceTitle "playchess.com"]
[Source "ChessBase"]
[SourceQuality "1"]

1. d4 f5 2. g3 Nf6 3. Bg2 g6 4. c3 Bg7 5. Nh3 Nc6 6. Nd2 O-O 7. Qb3+ d5 8. Nf4 e6 9. O-O g5 10. Nd3 h5 11. Nf3 Ne4 12. Nfe5 Nxe5 13. dxe5 h4 14. f3 hxg3 15. h4 g4 16. fxg4 Qxh4 17. Re1 fxg4 18. Nf4 Bxe5 19. e3 b6 20. Qc2 Qh2+ 21. Kf1 Ba6+ 22. Re2 Bg7 1/2-1/2

[Event "GRENKE Chess Open 2024"]
[Site "Karlsruhe"]
[Date "2024.04.01"]
[Round "9.54"]
[White "Hrebenshchykova, Yelyzaveta"]
[Black "Eckert, Marius"]
[Result "1/2-1/2"]
[WhiteElo "2288"]
[BlackElo "2046"]
[Annotator "RC"]
[PlyCount "112"]
[EventDate "2024.03.28"]
[EventType "swiss"]
[EventCountry "GER"]
[SourceTitle "playchess.com"]
[Source "ChessBase"]
[SourceQuality "1"]

1. e4 c5 2. Nf3 d6 3. d4 cxd4 4. Nxd4 Nf6 5. Nc3 Nc6 6. Bc4 Qb6 7. Nb3 e6 8. Bf4 Ne5 9. Be2 Be7 10. Qd2 a6 11. O-O-O Qc7 12. Bg3 O-O 13. f4 Nc6 14. Qe3 b5 15. a3 b4 16. axb4 Nxb4 17. Rd2 Bd7 18. Bf3 Bc6 19. Nd4 Bb7 20. Bf2 Rfc8 21. g4 Qa5 22. Nb3 Na2+ 23. Nxa2 Qxa2 24. g5 Nd7 25. Kd1 Qxb2 26. Qd4 Qa3 27. Ke2 a5 28. Ra1 Qb4 29. Rxa5 Ba6+ 30. Kd1 Bc4 31. Rxa8 Rxa8 32. Be2 Bxb3 33. cxb3 Qxb3+ 34. Ke1 Nc5 35. Bd3 Ra4 36. Qe3 Qc3 37. Ke2 Ra3 38. Be1 Nb3 39. Rd1 Nd4+ 40. Kf2 Ra2+ 41. Kg1 Qc5 42. Bf2 e5 43. h4 Qa7 44. Rc1 Ra1 45. Kg2 Rxc1 46. Qxc1 Qd7 47. f5 d5 48. Bxd4 dxe4 49. Bxe4 Qxd4 50. Qc8+ Bf8 51. Qc2 Bc5 52. Qd3 Qg1+ 53. Kh3 Bd4 54. Qc2 Qe3+ 55. Kg2 Qg1+ 56. Kh3 Qe3+ 1/2-1/2

[Event "GRENKE Chess Open 2024"]
[Site "Karlsruhe"]
[Date "2024.04.01"]
[Round "9.54"]
[White "Reller, Ole"]
[Black "Hansch, Karsten"]
[Result "1/2-1/2"]
[WhiteElo "2077"]
[BlackElo "2236"]
[Annotator "ChessBase"]
[PlyCount "29"]
[EventDate "2024.03.28"]
[EventType "swiss"]
[EventCountry "GER"]
[SourceTitle "playchess.com"]
[Source "ChessBase"]
[SourceQuality "1"]

1. Nf3 Nf6 2. b3 g6 3. Bb2 Bg7 4. g3 c5 5. c4 O-O 6. Bg2 Nc6 7. O-O d6 8. d4 cxd4 9. Nxd4 Bd7 10. Nc3 Qb6 11. Nc2 Rac8 12. Qd2 Ne5 13. Ne3 Bc6 14. Rac1 Bh6 15. Ncd1 1/2-1/2